|
|
|
|
| LEADER |
00000nab a2200000uu 4500 |
| 001 |
vtls011460353 |
| 003 |
SK-MaSNL |
| 005 |
20260303151542.0 |
| 008 |
230222|1974 xo |||||||||||||||||slo| |
| 015 |
|
|
|a SNBRB
|
| 035 |
|
|
|a (urnnbn)urn:nbn:sk:snk:ar-a0abv8
|
| 035 |
|
|
|a (uuid)18b7b92d-3d83-4f60-9191-eb7672dcd1a3
|
| 035 |
|
|
|a urn:nbn:sk:snk-abcua0
|
| 040 |
|
|
|a SNKBUCL
|b slo
|c SNKBUCL
|e AACR2
|
| 041 |
0 |
|
|a slo
|
| 044 |
|
|
|a xo
|c SK
|
| 100 |
1 |
|
|a Navara, Ján
|4 aut
|9 397927
|
| 245 |
1 |
0 |
|a Vplyv znečisteného ovzdušia na vegetáciu
|c Ján Navara
|
| 773 |
0 |
|
|t Životné prostredie : revue pre teóriu a starostlivosť o životné prostredie
|g Roč. 8, č. 1 (1974), s. 15-18
|
| 954 |
|
|
|a odborná, vedecká literatúra pôvodná (slovenská)
|2 lita
|
| 958 |
|
|
|a OND
|
| 958 |
|
|
|a EUIPO
|
| 958 |
|
|
|a article16
|
| 999 |
|
|
|c 2018243
|d 2020173
|